Phương pháp nghiên cứu thực vật T. 2

Các phương pháp nghiên cứu thuộc lĩnh vực sinh lý, hoá sinh, di truyền và bệnh lý thực vật

Shranjeno v:
Bibliografske podrobnosti
Glavni avtor: Klein, R.M.
Drugi avtorji: Klein, D.T (tác giả), Nguyễn Như Khanh (dịch), Phạm Đình Thái (dịch)
Format: Knjiga
Jezik:Vietnamese
Izdano: H. Khoa học và kỹ thuật 1983
Teme:
Oznake: Označite
Brez oznak, prvi označite!
Thư viện lưu trữ: Mạng thư viện Đại học Đà Nẵng
LEADER 01516nam a2200409 4500
001 000008993
003 5187
005 20111024101054.0
008 111024s1983 viesd
020 |c 10500đ 
041 0 |a vie 
082 |a 580.72  |b KL-R 
100 0 |a Klein, R.M. 
245 1 0 |a Phương pháp nghiên cứu thực vật  |c R.M. Klein, D.T. Klein ; Người dịch: Nguyễn Như Khanh, Phạm Đình Thái  |n T. 2 
260 |a H.  |b Khoa học và kỹ thuật  |c 1983 
300 |a 273 tr  |c 21 cm 
520 |a Các phương pháp nghiên cứu thuộc lĩnh vực sinh lý, hoá sinh, di truyền và bệnh lý thực vật 
653 |a bệnh thực vật 
653 |a chất sinh trưởng 
653 |a di truyền 
653 |a phương pháp nghiên cứu 
653 |a thực vật 
700 |a Klein, D.T  |e tác giả 
700 |a Nguyễn Như Khanh  |e dịch 
700 |a Phạm Đình Thái  |e dịch 
773 |t Phương pháp nghiên cứu thực vật  |w 5186 
910 |a Nguyễn Thị Kim Oanh  |d 24/10/2011 
OWN |a LSP 
AVA |a UDN50  |b LSP  |d 580.72 KL-R  |e available  |t Error 5001 Not defined in file expand_doc_bib_avail.  |f 4  |g 1  |h N  |i 0  |k 1 
999 |a From the UDN01 
AVA |a UDN50  |b LSP  |d 580.72 KL-R  |e available  |t Error 5001 Not defined in file expand_doc_bib_avail.  |f 4  |g 1  |h N  |i 0  |k 1 
TYP |a Monograph 
TYP |a Printed language 
980 |a Mạng thư viện Đại học Đà Nẵng